|
|
|
|
| LEADER |
00787cam a2200205 7i4500 |
| 001 |
0000054852 |
| 005 |
20260306090000.0 |
| 020 |
|
|
|a 9789888422692 (electronic book)
|
| 090 |
0 |
0 |
|a U101
|b .M37 2017
|
| 100 |
1 |
|
|a MacDonald, Christopher
|
| 245 |
1 |
4 |
|a The science of war :
|b Sun Tzu's "Art of war" re-translated and re-considered
|c Christopher MacDonald.
|
| 300 |
|
|
|a 1 online resource (249 pages):
|b text file, PDF.
|
| 336 |
|
|
|a text
|2 rdacontent
|
| 337 |
|
|
|a computer
|2 rdamedia
|
| 338 |
|
|
|a online resource
|2 rdacarrier
|
| 650 |
|
0 |
|a Strategy --
|y Early works to 1800
|
| 650 |
|
0 |
|a Military art and science --
|y Early works to 1800 --
|z China
|
| 655 |
|
0 |
|a Electronic books
|
| 856 |
4 |
2 |
|u http://library.unisel.edu.my/web/guest/mylibrary
|
| 999 |
|
|
|a EBO0001343
|b EBOOK
|c EBOOK
|e Electronic resources
|